Portugiesische Farben lernen - Statistiken

Allgemein
  • Dieses Quiz wurde 18 mal gespielt
  • Das Durchschnittsergebnis liegt bei 9 aus 11
Antwortstatistiken
Hint Antwort % Korrekt
laranja Orange
94%
rosa Pink
94%
azul Blau
88%
castanho Braun
88%
verde Grün
88%
vermelho Rot
88%
amarelo Gelb
81%
branco Weiß
81%
preto Schwarz
75%
cinzento Grau
63%
roxo Lila
63%
Keine übereinstimmenden Quizze gefunden
Verteilung der Resultate
Anzahl Personen mit jedem Resultat
Perzentil nach korrekt beantworteten Fragen
Ihre Resultats-Entwicklung
Sie haben dieses Quiz noch nicht gespielt